| 000 | 01088cam a22002651i 4500 | ||
|---|---|---|---|
| 003 | SA-RiAUC | ||
| 005 | 20250411141936.0 | ||
| 008 | 241215s1982 ua g 000 0 ara c | ||
| 040 |
_aSA-RiAUC _bara _cSA-RiAUC _erda |
||
| 082 | 0 | 4 |
_a228 _qSA-RiAUC |
| 090 |
_a228 _bم ل ا |
||
| 100 | 1 |
_aالملا، أبو بكر بن محمد بن عمر، _d1198-1270 هجري _eمؤلف. |
|
| 245 | 1 | 0 |
_aوسيلة الرضوان بختم القرآن / _cأبو بكر بن محمد بن عمر الملا الحنفي الأحسائي. |
| 264 | 1 |
_aالقاهرة : _bدار الإنسان، _c1982 |
|
| 300 |
_a93 صفحة ؛ _c20 سم |
||
| 336 |
_aنص _btxt _2rdacontent _3كتاب |
||
| 337 |
_aبدون وسيط _bn _2rdamedia |
||
| 338 |
_aمجلد _bnc _2rdacarrier |
||
| 500 | _aاهداء من المؤلف أبو بكر بن محمد بن عمر الملا بتاريخ 25/ 10 /1407هـ | ||
| 630 | 0 | 7 |
_aالقرآن _xقراءات _2aucut |
| 630 | 0 | 7 |
_aالقرآن _xتجويد _2aucut |
| 730 | 2 | 2 | _aالقرآن |
| 942 |
_2ddc _cBOOK _n0 |
||
| 949 |
_aSA-JeALM _d241215 _umohamedma123 _n1 |
||
| 999 |
_c3698 _d3698 |
||